| 000 | 00670nam a2200205Ia 4500 | ||
|---|---|---|---|
| 005 | 20241129110223.0 | ||
| 008 | 241129s9999||||xx |||||||||||||| ||und|| | ||
| 037 | _aTB | ||
| 040 |
_aARTS _bpun _cARTS |
||
| 041 |
_apun _2pun |
||
| 084 |
_aO153,1N54x R3 _qARTS |
||
| 100 | _aਦੀਦ, ਜਸਵੰਤ, ਚ। | ||
| 245 | 0 |
_aਬੇਸਮੈਂਟ ਕਵਿਤਾਵਾ _cਦੀਦ, ਜਸਵੰਤ, ਚ। |
|
| 260 |
_aਪਟਿਆਲਾ, ਭਾਰਤ _bਪਟਿਆਲਾ ਆੱਟਮ ਆਰਟ _c2023 |
||
| 300 | _a104ਪ੍ਰ0 | ||
| 365 |
_aINR _b175 |
||
| 650 |
_aPunjabi Poetry _9187334 |
||
| 942 |
_cTB _hO153,1N54x R3 |
||
| 999 |
_c1227766 _d1227766 |
||